[Event "Wch U18"]
[Site "Montesilvano"]
[Date "2023.11.23"]
[Round "10"]
[White "Kasipour Azbari, Seyed Arvin"]
[Black "Pozzari, Simone"]
[Result "0-1"]
[WhiteElo "2261"]
[BlackElo "2186"]
[PlyCount "90"]
[EventDate "2023.11.13"]
[EventType "swiss"]
[EventRounds "11"]
[EventCountry "ITA"]
[SourceTitle "CB48_2023"]
[SourceDate "2023.11.29"]
[SourceVersion "1"]
[SourceVersionDate "2023.11.29"]
[SourceQuality "1"]

1. e4 c5 2. Nf3 d6 3. d4 cxd4 4. Nxd4 Nf6 5. Nc3 Nc6 6. Nd5 Nxd5 7. exd5 Qa5+ 8. Bd2 Qxd5 9. Nb5 Qe6+ 10. Be2 Qd7 11. c4 a6 12. Nc3 e6 13. Na4 Qd8 14. Be3 Be7 15. Nb6 Rb8 16. 0-0 0-0 17. Qd2 Ne5 18. a4 Nd7 19. a5 Nf6 20. Rfd1 e5 21. Bg5 Ne8 22. Bxe7 Qxe7 23. b4 f5 24. c5 dxc5 25. bxc5 Be6 26. Qc3 e4 27. c6 bxc6 28. Bxa6 Nf6 29. Qxc6 Rfd8 30. Rxd8+ Rxd8 31. Bc4 Bxc4 32. Qxc4+ Kh8 33. Qe2 Qe5 34. Ra2 Qc3 35. g3 Qc1+ 36. Kg2 Rd1 37. Qxd1 Qxd1 38. a6 Qf3+ 39. Kg1 Qb3 40. a7 Qxa2 41. a8Q+ Qxa8 42. Nxa8 Nd5 43. Kf1 Kg8 44. Ke2 Kf7 45. Kd2 g5 0-1

[Event "Wch U18"]
[Site "Montesilvano"]
[Date "2023.11.17"]
[Round "5"]
[White "Chen, Hongsen"]
[Black "Kasipour Azbari, Seyed Arvin"]
[Result "1-0"]
[WhiteElo "2061"]
[BlackElo "2261"]
[PlyCount "71"]
[EventDate "2023.11.13"]
[EventType "swiss"]
[EventRounds "11"]
[EventCountry "ITA"]
[SourceTitle "CB48_2023"]
[SourceDate "2023.11.29"]
[SourceVersion "1"]
[SourceVersionDate "2023.11.29"]
[SourceQuality "1"]

1. b3 d5 2. Bb2 Nf6 3. Nf3 h6 4. c4 c6 5. d3 Bf5 6. Nbd2 e6 7. g3 Be7 8. Bg2 0-0 9. 0-0 Nbd7 10. Re1 Bh7 11. Qc1 b5 12. a3 bxc4 13. bxc4 Rb8 14. Ne5 Nxe5 15. Bxe5 Bd6 16. Bxd6 Qxd6 17. Qc3 Nd7 18. Qa5 Qc5 19. Qc7 Rb2 20. Nf3 Bxd3 21. Qxd7 Bxe2 22. Ne5 Bxc4 23. Re3 d4 24. Nd3 Bxd3 25. Rxd3 e5 26. Qxc6 Qxc6 27. Bxc6 Rc8 28. Bd5 Rc5 29. Rb3 Re2 30. Rb8+ Kh7 31. Bxf7 Rcc2 32. Bd5 d3 33. Rd1 Rxf2 34. Be4+ g6 35. Rb7+ Kg8 36. Rxd3 1-0

[Event "Munich Youngsters IM Challenge"]
[Site "Munich"]
[Date "2023.10.13"]
[Round "9"]
[White "Hartge, Gedeon"]
[Black "Kasipour Azbari, Seyed Arvin"]
[Result "1/2-1/2"]
[WhiteElo "2228"]
[BlackElo "2262"]
[PlyCount "89"]
[EventDate "2023.10.08"]
[EventType "team-tourn"]
[EventRounds "9"]
[EventCountry "GER"]
[SourceTitle "Mega2024 Update 01"]
[Source "Chessbase"]
[SourceDate "2023.11.12"]
[SourceVersion "1"]
[SourceVersionDate "2023.11.12"]
[SourceQuality "1"]
[WhiteTeam "Challenger IV"]
[BlackTeam "Challenger II"]
[WhiteTeamCountry "GER"]
[BlackTeamCountry "GER"]

1. d4 d5 2. c4 c6 3. cxd5 cxd5 4. Bf4 Nc6 5. e3 Nf6 6. Nc3 a6 7. Bd3 Bg4 8. Nge2 e6 9. Rc1 Bd6 10. f3 Bh5 11. Bxd6 Qxd6 12. 0-0 Bg6 13. Nf4 Bxd3 14. Nxd3 0-0 15. f4 Rac8 16. Qe2 Nd7 17. Na4 Nb4 18. Nac5 Nxd3 19. Nxd3 Nf6 20. Rc2 Ne4 21. Rfc1 Qb8 22. g3 Rxc2 23. Qxc2 Nd6 24. Qc7 Nc4 25. Qxb8 Rxb8 26. Kf2 Rc8 27. Ke2 Kf8 28. g4 Ke7 29. h3 Nd6 30. Rxc8 Nxc8 31. Nc5 Nd6 32. b3 Kd8 33. h4 a5 34. a4 b6 35. Nd3 Ne4 36. Ne5 f6 37. Nf3 Kd7 38. Nd2 Nd6 39. h5 g6 40. hxg6 hxg6 41. Nf3 Ne4 42. Nd2 Nd6 43. Nf3 Ne4 44. Nd2 Nd6 45. Nf3 1/2-1/2

[Event "Munich Youngsters IM Challenge"]
[Site "Munich"]
[Date "2023.10.12"]
[Round "7"]
[White "Kasipour Azbari, Seyed Arvin"]
[Black "Reich, Thomas"]
[Result "1-0"]
[WhiteElo "2262"]
[BlackElo "2329"]
[PlyCount "109"]
[EventDate "2023.10.08"]
[EventType "team-tourn"]
[EventRounds "9"]
[EventCountry "GER"]
[SourceTitle "Mega2024 Update 01"]
[Source "Chessbase"]
[SourceDate "2023.11.12"]
[SourceVersion "1"]
[SourceVersionDate "2023.11.12"]
[SourceQuality "1"]
[WhiteTeam "Challenger II"]
[BlackTeam "Meister"]
[WhiteTeamCountry "GER"]
[BlackTeamCountry "GER"]

1. e4 c5 2. Nf3 g6 3. Bc4 Bg7 4. c3 d6 5. Qb3 e6 6. d4 Nf6 7. Bg5 h6 8. Bxf6 Bxf6 9. e5 Bg7 10. 0-0 0-0 11. exd6 Qxd6 12. dxc5 Qxc5 13. Nbd2 Nc6 14. Ne4 Qe7 15. Rad1 Na5 16. Qa4 Nxc4 17. Qxc4 e5 18. Rfe1 Be6 19. Qc5 Qxc5 20. Nxc5 Bg4 21. h3 Bxf3 22. gxf3 b6 23. Nd3 Rfd8 24. Nb4 f5 25. Nc6 Rxd1 26. Rxd1 Bf6 27. Rd7 a6 28. Ne7+ Kf7 29. Nd5+ Ke6 30. Nxf6 b5 31. h4 Kxf6 32. Rd6+ Kf7 33. Rb6 Rd8 34. Rxa6 Rd2 35. b3 Rc2 36. Rb6 Rxc3 37. Rxb5 Ke6 38. Rb6+ Kd5 39. Kg2 Rc2 40. Rxg6 e4 41. fxe4+ fxe4 42. Kf1 Rxa2 43. Rxh6 Rb2 44. Rb6 e3 45. fxe3 Ke4 46. h5 Kf3 47. Ke1 Kxe3 48. Kd1 Rh2 49. h6 Kd3 50. Ke1 Ke3 51. Re6+ Kd4 52. Kf1 Rh3 53. b4 Kd5 54. Rg6 Rh4 55. b5 1-0

[Event "SUI-ch op 122nd"]
[Site "Leukerbad"]
[Date "2023.07.23"]
[Round "9"]
[White "Kasipour Azbari, Seyed Arvin"]
[Black "Joie, Sebastien"]
[Result "0-1"]
[WhiteElo "2193"]
[BlackElo "2379"]
[PlyCount "120"]
[EventDate "2023.07.07"]
[EventType "swiss"]
[EventRounds "9"]
[EventCountry "SUI"]
[SourceTitle "EXT 2024"]
[Source "ChessBase"]
[SourceDate "2023.10.10"]
[SourceVersion "1"]
[SourceVersionDate "2023.10.10"]
[SourceQuality "1"]

1. e4 c6 2. Nf3 d5 3. Nc3 dxe4 4. Nxe4 Nf6 5. Qe2 Nxe4 6. Qxe4 Nd7 7. d4 Nf6 8. Qf4 Nd5 9. Qd2 a5 10. Bd3 g6 11. c3 Bg7 12. 0-0 0-0 13. Re1 Qd6 14. Ne5 Be6 15. Qc2 c5 16. Nc4 Qc7 17. dxc5 Qxc5 18. Be3 Nxe3 19. Nxe3 b5 20. Qe2 Rab8 21. a3 Rfd8 22. Red1 f5 23. Rac1 Bb3 24. Bc2 Bf7 25. Rxd8+ Rxd8 26. Rd1 Rb8 27. Qd3 e5 28. b4 axb4 29. cxb4 Qd4 30. Bb3 Qxd3 31. Bxf7+ Kxf7 32. Rxd3 Ke6 33. Nd5 Rb7 34. Nc3 e4 35. Rh3 Rc7 36. Ne2 Rd7 37. g4 Be5 38. gxf5+ Kxf5 39. Rh4 h5 40. Ng3+ Bxg3 41. hxg3 Rd3 42. Rf4+ Ke5 43. Rf8 e3 44. fxe3 Rxe3 45. Kf2 Rxa3 46. Rb8 Kf5 47. Rf8+ Ke4 48. Rb8 Ra2+ 49. Kg1 Kf3 50. Rxb5 Rg2+ 51. Kf1 Rxg3 52. Rc5 Kf4 53. Kf2 Rb3 54. Rc4+ Kf5 55. Rc5+ Kg4 56. Rc4+ Kh3 57. Rc6 g5 58. Rc5 Kh4 59. Rc4+ g4 60. Kg2 Rb2+ 0-1

[Event "SUI-ch op 122nd"]
[Site "Leukerbad"]
[Date "2023.07.15"]
[Round "1"]
[White "Kasipour Azbari, Seyed Arvin"]
[Black "Peglau, Dora"]
[Result "1-0"]
[WhiteElo "2193"]
[BlackElo "2020"]
[PlyCount "137"]
[EventDate "2023.07.07"]
[EventType "swiss"]
[EventRounds "9"]
[EventCountry "SUI"]
[SourceTitle "EXT 2024"]
[Source "ChessBase"]
[SourceDate "2023.10.10"]
[SourceVersion "1"]
[SourceVersionDate "2023.10.10"]
[SourceQuality "1"]

1. e4 c6 2. Nf3 d5 3. Nc3 dxe4 4. Nxe4 Nd7 5. Bc4 Ngf6 6. Neg5 e6 7. Qe2 Nb6 8. Ne5 Nxc4 9. Qxc4 Qd5 10. Qxd5 exd5 11. Ngxf7 Rg8 12. Ng5 Bf5 13. c3 0-0-0 14. d4 h6 15. Ngf3 Re8 16. Be3 Bd6 17. h3 Re7 18. 0-0-0 g5 19. Rhe1 Rge8 20. g4 Be4 21. Rg1 Nd7 22. Rde1 Nxe5 23. Nxe5 Bxe5 24. dxe5 Rxe5 25. Bxa7 Kd7 26. Bd4 R5e7 27. Kd2 Rf7 28. Rg3 Ref8 29. Bc5 Ra8 30. f3 b6 31. Ba3 Bg6 32. Rg2 Re8 33. Rxe8 Kxe8 34. Re2+ Kd7 35. Re3 c5 36. Ke2 Bb1 37. b4 c4 38. b5 Kc7 39. Re6 Rh7 40. Rc6+ Kb7 41. Rd6 Re7+ 42. Kf2 Rf7 43. Kg2 Bxa2 44. Rxd5 Bb3 45. Re5 Rf6 46. Rf5 Re6 47. Rf7+ Kc8 48. Bf8 Bd1 49. Bg7 Rg6 50. Bd4 Ba4 51. Rf6 Rxf6 52. Bxf6 Kd7 53. Bg7 Ke6 54. Bxh6 Kf6 55. f4 gxf4 56. Kf3 Bxb5 57. Kxf4 Bd7 58. h4 Kg6 59. Bg5 b5 60. h5+ Kf7 61. Bh4 Kg7 62. Bf2 Kh6 63. Be3 Be8 64. Kg3+ Kg7 65. Kh4 Kf6 66. Bd4+ Ke6 67. Kg5 Kf7 68. Kh6 Kg8 69. g5 1-0

[Event "Basel Christmas op"]
[Site "Basel"]
[Date "2022.12.27"]
[Round "3"]
[White "Kasipour Azbari, Seyed Arvin"]
[Black "Lumachi, Gabriele"]
[Result "0-1"]
[WhiteElo "2121"]
[BlackElo "2399"]
[PlyCount "66"]
[EventDate "2022.12.26"]
[EventType "swiss"]
[EventRounds "9"]
[EventCountry "SUI"]
[SourceTitle "EXT 2024"]
[Source "ChessBase"]
[SourceDate "2023.10.10"]
[SourceVersion "1"]
[SourceVersionDate "2023.10.10"]
[SourceQuality "1"]

1. e4 e5 2. Nf3 Nf6 3. d4 Nxe4 4. dxe5 d5 5. exd6 Bxd6 6. Bd3 Nc5 7. 0-0 0-0 8. Bg5 Qd7 9. Re1 h6 10. Bh4 Nxd3 11. Qxd3 Qf5 12. Qxf5 Bxf5 13. Be7 Bxe7 14. Rxe7 Rc8 15. Re2 Rd8 16. Na3 Nc6 17. c3 Bg4 18. Rae1 Bxf3 19. gxf3 Kf8 20. Nc4 f6 21. Kg2 Rd7 22. f4 Rad8 23. Kg3 Rd3+ 24. f3 Kf7 25. h3 R8d7 26. Re3 Rxe3 27. Rxe3 b5 28. Na3 Rd2 29. Nxb5 Rxb2 30. Nxc7 Ne7 31. Rd3 Nf5+ 32. Kg4 Kg6 33. h4 Rh2 0-1

[Event "EU-ch U16 30th"]
[Site "Antalya"]
[Date "2022.11.11"]
[Round "6"]
[White "Kasipour Azbari, Seyed Arvin"]
[Black "Davtyan, Arsen"]
[Result "1/2-1/2"]
[WhiteElo "2075"]
[BlackElo "2298"]
[PlyCount "115"]
[EventDate "2022.11.06"]
[EventType "swiss"]
[EventRounds "9"]
[EventCountry "TUR"]
[SourceTitle "EXT 2024"]
[Source "ChessBase"]
[SourceDate "2023.10.10"]
[SourceVersion "1"]
[SourceVersionDate "2023.10.10"]
[SourceQuality "1"]

1. e4 c6 2. Nf3 d5 3. Nc3 dxe4 4. Nxe4 Nf6 5. Qe2 Nxe4 6. Qxe4 Qa5 7. b4 Qf5 8. Qe3 Qe6 9. Be2 Qxe3 10. fxe3 f6 11. 0-0 e5 12. a3 Bg4 13. Bb2 Nd7 14. h3 Bh5 15. g4 Bg6 16. c4 Nb6 17. d4 Na4 18. Ra2 Nxb2 19. Rxb2 exd4 20. exd4 0-0-0 21. Rd2 Be4 22. Bd3 Bxd3 23. Rxd3 Bd6 24. Re3 Rhe8 25. Rfe1 Rxe3 26. Rxe3 Kc7 27. Kf2 h5 28. Nh4 hxg4 29. hxg4 Rh8 30. Nf5 g6 31. Nxd6 Kxd6 32. Rf3 Ke6 33. Re3+ Kd6 34. Rf3 Ke6 35. Re3+ Kf7 36. Kg3 Rh1 37. Rd3 Rc1 38. c5 Ke6 39. Re3+ Kd5 40. Re7 Kxd4 41. Rxb7 Rc3+ 42. Kf4 Rxa3 43. Rd7+ Kc4 44. Rd6 g5+ 45. Kf5 Rf3+ 46. Kg6 Kxb4 47. Rxc6 a5 48. Rc8 Rf4 49. c6 Kc5 50. c7 Kc6 51. Ra8 Kxc7 52. Rxa5 Kd6 53. Rb5 Ke6 54. Ra5 Rxg4 55. Ra6+ Ke5 56. Rxf6 Rf4 57. Ra6 g4 58. Kg5 1/2-1/2

[Event "Wohlen op 3rd"]
[Site "Wohlen"]
[Date "2022.08.20"]
[Round "2"]
[White "Rutigliano, Cesare"]
[Black "Kasipour Azbari, Seyed Arvin"]
[Result "0-1"]
[WhiteElo "1684"]
[BlackElo "2013"]
[PlyCount "80"]
[EventDate "2022.08.19"]
[EventType "swiss"]
[EventRounds "5"]
[EventCountry "SUI"]
[SourceTitle "CBM 210 Extra"]
[Source "ChessBase"]
[SourceDate "2022.11.30"]
[SourceVersion "1"]
[SourceVersionDate "2022.11.30"]
[SourceQuality "1"]

1. Nf3 Nf6 2. c4 c6 3. Nc3 d5 4. cxd5 cxd5 5. d4 Nc6 6. h3 a6 7. Bf4 Bf5 8. a3 e6 9. e3 Bd6 10. Bxd6 Qxd6 11. Be2 Ke7 12. Rc1 Rac8 13. 0-0 g5 14. g4 Be4 15. Bd3 Bxf3 16. Qxf3 h5 17. gxh5 Rxh5 18. Kg2 g4 19. Qg3 gxh3+ 20. Kh2 Ng4+ 21. Kh1 Qxg3 22. fxg3 f5 23. Rf3 Nf6 24. Ne2 Ne4 25. Nf4 Rg5 26. Kh2 Rcg8 27. Bxa6 Rxg3 28. Rxg3 Rxg3 29. Bxb7 Nd8 30. Bc8 Rxe3 31. Bxe6 Rf3 32. Rc7+ Kf6 33. Bxf5 Kxf5 34. Nxd5 Kg4 35. Rg7+ Ng5 36. a4 Nde6 37. Rb7 Rf2+ 38. Kg1 Kg3 39. Rb3+ Nf3+ 40. Rxf3+ Rxf3 0-1

[Event "Wohlen op 3rd"]
[Site "Wohlen"]
[Date "2022.08.19"]
[Round "1"]
[White "Kasipour Azbari, Seyed Arvin"]
[Black "Baechli, Daniel"]
[Result "1-0"]
[WhiteElo "2013"]
[BlackElo "1554"]
[PlyCount "57"]
[EventDate "2022.08.19"]
[EventType "swiss"]
[EventRounds "5"]
[EventCountry "SUI"]
[SourceTitle "CBM 210 Extra"]
[Source "ChessBase"]
[SourceDate "2022.11.30"]
[SourceVersion "1"]
[SourceVersionDate "2022.11.30"]
[SourceQuality "1"]

1. e4 e6 2. d4 d5 3. Bd3 Nf6 4. e5 Nfd7 5. f4 c5 6. c3 Nc6 7. Nf3 Be7 8. 0-0 h6 9. Kh1 Qb6 10. Bc2 g6 11. a4 c4 12. Nbd2 Nf8 13. b3 g5 14. bxc4 g4 15. Ng1 Nxd4 16. cxd4 Qxd4 17. Rb1 h5 18. cxd5 Qxd5 19. Ne4 Qc6 20. Nd6+ Bxd6 21. Qxd6 Qxc2 22. Ba3 Ng6 23. Rfd1 f6 24. Qd8+ Kf7 25. Qxf6+ Kg8 26. Rbc1 Qe4 27. Rd8+ Kh7 28. Rc7+ Kh6 29. Qg7# 1-0

[Event "Pfaeffikon Acrevis op 2nd"]
[Site "Pfaeffikon"]
[Date "2022.07.29"]
[Round "2"]
[White "Kasipour Azbari, Seyed Arvin"]
[Black "Kuhn, Othmar"]
[Result "1-0"]
[WhiteElo "1944"]
[BlackElo "1687"]
[PlyCount "53"]
[EventDate "2022.07.28"]
[EventType "swiss"]
[EventRounds "6"]
[EventCountry "SUI"]
[SourceTitle "EXT 2023"]
[Source "ChessBase"]
[SourceDate "2022.10.05"]
[SourceVersion "1"]
[SourceVersionDate "2022.10.05"]
[SourceQuality "1"]

1. e4 c5 2. c3 Nc6 3. d4 cxd4 4. cxd4 e6 5. Nf3 Nf6 6. Nc3 Bb4 7. Bd3 0-0 8. e5 Nd5 9. Bd2 Qa5 10. Qc2 h6 11. 0-0 a6 12. a3 Bxc3 13. bxc3 Qd8 14. c4 Nde7 15. Qb3 d5 16. exd6 Qxd6 17. Bc3 Rd8 18. Rad1 Qf4 19. Bb1 Nf5 20. d5 exd5 21. cxd5 Nce7 22. Be5 Qg4 23. h3 Qh5 24. Bc7 Rd7 25. d6 b5 26. dxe7 Rxe7 27. Qd5 1-0

[Event "Engelberg op 2nd"]
[Site "Engelberg"]
[Date "2022.06.19"]
[Round "5"]
[White "Kasipour Azbari, Seyed Arvin"]
[Black "Cassens, Heiko"]
[Result "0-1"]
[WhiteElo "1972"]
[BlackElo "1738"]
[PlyCount "50"]
[EventDate "2022.06.17"]
[EventType "swiss"]
[EventRounds "5"]
[EventCountry "SUI"]
[SourceTitle "EXT 2023"]
[Source "ChessBase"]
[SourceDate "2022.10.05"]
[SourceVersion "1"]
[SourceVersionDate "2022.10.05"]
[SourceQuality "1"]

1. e4 e5 2. Nc3 Nf6 3. Bc4 Bc5 4. d3 0-0 5. f4 d5 6. Nxd5 Be6 7. Nxf6+ Qxf6 8. Bb3 exf4 9. Qf3 Nc6 10. Ne2 Nb4 11. Kd1 Rad8 12. Qxf4 Qg6 13. Bd2 Qxg2 14. Qf1 Qg4 15. h3 Qh5 16. Kc1 a5 17. Ng3 Qe5 18. Bf4 Qd4 19. Ne2 Qd7 20. Qg2 Kh8 21. Bxe6 fxe6 22. a3 Nxc2 23. Rb1 Qxd3 24. Nc3 Rxf4 25. Rd1 Be3+ 0-1

[Event "Engelberg op 2nd"]
[Site "Engelberg"]
[Date "2022.06.19"]
[Round "4"]
[White "Kurz, Stefan"]
[Black "Kasipour Azbari, Seyed Arvin"]
[Result "1/2-1/2"]
[WhiteElo "1990"]
[BlackElo "1972"]
[PlyCount "25"]
[EventDate "2022.06.17"]
[EventType "swiss"]
[EventRounds "5"]
[EventCountry "SUI"]
[SourceTitle "EXT 2023"]
[Source "ChessBase"]
[SourceDate "2022.10.05"]
[SourceVersion "1"]
[SourceVersionDate "2022.10.05"]
[SourceQuality "1"]

1. d4 d5 2. c4 c6 3. Nc3 Nf6 4. Nf3 e6 5. cxd5 exd5 6. Bg5 Be7 7. Qc2 g6 8. e3 Bf5 9. Bd3 Bxd3 10. Qxd3 h6 11. Bh4 Nbd7 12. 0-0 0-0 13. a3 1/2-1/2

[Event "Lugano Paradiso op"]
[Site "Lugano"]
[Date "2021.09.04"]
[Round "3"]
[White "Kasipour Azbari, Seyed Arvin"]
[Black "Cernov, Henrik"]
[Result "1-0"]
[WhiteElo "1970"]
[BlackElo "1872"]
[PlyCount "81"]
[EventDate "2021.09.03"]
[EventType "swiss"]
[EventRounds "5"]
[EventCountry "SUI"]
[SourceTitle "EXT 2022"]
[Source "ChessBase"]
[SourceDate "2021.10.06"]
[SourceVersion "1"]
[SourceVersionDate "2021.10.06"]
[SourceQuality "1"]

1. e4 c5 2. c3 Nf6 3. e5 Nd5 4. Nf3 Nc6 5. Bc4 Nb6 6. Bb3 e6 7. d4 cxd4 8. cxd4 d6 9. 0-0 dxe5 10. dxe5 Qxd1 11. Rxd1 Be7 12. Nc3 0-0 13. Be3 Nd7 14. Nb5 Ndxe5 15. Nxe5 Nxe5 16. Nc7 Rb8 17. Bxa7 Nc6 18. Bxb8 Nxb8 19. Nb5 Bf6 20. Nd6 Bxb2 21. Rab1 Ba3 22. Nxc8 Rxc8 23. Ba4 Na6 24. Rxb7 Bf8 25. Bb3 g6 26. g3 Nc5 27. Rc1 Rd8 28. Rc7 Ne4 29. Rc8 Rd2 30. Rd1 Rxf2 31. Rdd8 Rb2 32. Rxf8+ Kg7 33. Rfd8 Nd2 34. Rc2 Rb1+ 35. Kg2 Nxb3 36. axb3 Rxb3 37. Rd7 Rb5 38. Rf2 g5 39. Rdxf7+ Kg8 40. Re7 Re5 41. Ra2 1-0

[Event "Chiasso 2days op"]
[Site "Chiasso"]
[Date "2020.10.25"]
[Round "5"]
[White "Kasipour Azbari, Seyed Arvin"]
[Black "Tacconi, Antonio"]
[Result "1/2-1/2"]
[WhiteElo "1852"]
[BlackElo "1746"]
[PlyCount "159"]
[EventDate "2020.10.24"]
[EventType "swiss"]
[EventRounds "5"]
[EventCountry "SUI"]
[SourceTitle "EXT 2022"]
[Source "ChessBase"]
[SourceDate "2021.10.06"]
[SourceVersion "1"]
[SourceVersionDate "2021.10.06"]
[SourceQuality "1"]

1. e4 Nf6 2. Nc3 e5 3. Bc4 Bb4 4. d3 d5 5. exd5 Nxd5 6. Nge2 Nxc3 7. bxc3 Bd6 8. 0-0 0-0 9. f4 Nd7 10. f5 Qh4 11. Be3 Nf6 12. Bf2 Qh5 13. Ng3 Qxd1 14. Raxd1 Ng4 15. h3 Nxf2 16. Rxf2 Bc5 17. d4 Bb6 18. Re2 exd4 19. cxd4 Bd7 20. f6 g6 21. c3 Rae8 22. Ne4 h6 23. Rde1 Bc6 24. Kh2 Bd7 25. Re3 c6 26. Kh1 Be6 27. Nd6 Rd8 28. Nxb7 Bxc4 29. Nxd8 Rxd8 30. Re8+ Rxe8 31. Rxe8+ Kh7 32. a3 g5 33. Kg1 Kg6 34. Kf2 c5 35. Ke3 cxd4+ 36. cxd4 Kxf6 37. Rc8 Bd5 38. Rc2 Ke6 39. g3 f5 40. Rc8 Kf6 41. a4 Bb3 42. Kd3 Bxa4 43. d5 Bb5+ 44. Kc3 Ke5 45. Rh8 Kxd5 46. Rxh6 Ke4 47. h4 gxh4 48. gxh4 f4 49. Rh5 Be2 50. Rh7 f3 51. Re7+ Kf4 52. Rf7+ Kg4 53. Kd2 Kxh4 54. Rh7+ Kg3 55. Rg7+ Kf2 56. Re7 Ba5+ 57. Kc2 Ke1 58. Rxa7 f2 59. Rf7 f1Q 60. Rxf1+ Bxf1 61. Kb3 Kd2 62. Ka4 Bd8 63. Kb3 Kd3 64. Kb4 Kd4 65. Kb3 Be7 66. Ka4 Kc4 67. Ka5 Kc5 68. Ka4 Bb5+ 69. Kb3 Kd4 70. Kc2 Bc4 71. Kd2 Bb4+ 72. Kd1 Kd3 73. Kc1 Bd2+ 74. Kb2 Bb4 75. Kc1 Ba3+ 76. Kd1 Bb3+ 77. Ke1 Ke3 78. Kf1 Kf3 79. Kg1 Kg3 80. Kf1 1/2-1/2

[Event "Chiasso 2days op"]
[Site "Chiasso"]
[Date "2020.10.25"]
[Round "4"]
[White "Zienkiewicz, Jan"]
[Black "Kasipour Azbari, Seyed Arvin"]
[Result "0-1"]
[WhiteElo "1940"]
[BlackElo "1852"]
[PlyCount "86"]
[EventDate "2020.10.24"]
[EventType "swiss"]
[EventRounds "5"]
[EventCountry "SUI"]
[SourceTitle "EXT 2022"]
[Source "ChessBase"]
[SourceDate "2021.10.06"]
[SourceVersion "1"]
[SourceVersionDate "2021.10.06"]
[SourceQuality "1"]

1. e4 c5 2. Nf3 e6 3. d4 cxd4 4. Nxd4 Nf6 5. Nc3 Nc6 6. Nxc6 bxc6 7. Bd3 d5 8. Bf4 Bb4 9. exd5 cxd5 10. 0-0 0-0 11. Qe2 Bb7 12. Rad1 Rc8 13. Nb1 Bd6 14. Bxd6 Qxd6 15. c4 Qf4 16. Nd2 dxc4 17. Nxc4 Qg5 18. Ne3 Nh5 19. Qg4 Qxg4 20. Nxg4 Nf4 21. Rfe1 Nxg2 22. Rf1 Nf4 23. f3 Nxd3 24. Rxd3 Ba6 25. Rd2 Bxf1 26. Kxf1 Rc1+ 27. Ke2 Rfc8 28. Ne3 f5 29. Rd7 f4 30. Ng4 R8c2+ 31. Kd3 Rd1+ 32. Kxc2 Rxd7 33. b4 h5 34. Ne5 Rc7+ 35. Kd3 g5 36. a4 Kg7 37. b5 Kf6 38. Nc6 Rxc6 39. bxc6 Ke7 40. Ke4 Kd6 41. h3 Kxc6 42. Ke5 Kd7 43. Kf6 g4 0-1

[Event "Chiasso 2days op"]
[Site "Chiasso"]
[Date "2020.10.24"]
[Round "2"]
[White "Kasipour Azbari, Seyed Arvin"]
[Black "Cocconcelli, Lorenzo"]
[Result "1/2-1/2"]
[WhiteElo "1852"]
[BlackElo "2167"]
[PlyCount "37"]
[EventDate "2020.10.24"]
[EventType "swiss"]
[EventRounds "5"]
[EventCountry "SUI"]
[SourceTitle "EXT 2022"]
[Source "ChessBase"]
[SourceDate "2021.10.06"]
[SourceVersion "1"]
[SourceVersionDate "2021.10.06"]
[SourceQuality "1"]

1. e4 e6 2. d4 d5 3. Nc3 Bb4 4. e5 c5 5. Bd2 Ne7 6. a3 Bxc3 7. Bxc3 Nbc6 8. Nf3 cxd4 9. Bxd4 Nxd4 10. Qxd4 Bd7 11. Qg4 Qb6 12. Bd3 Ng6 13. 0-0 Bb5 14. h4 h5 15. Qg5 Bxd3 16. cxd3 Rc8 17. Rac1 Rxc1 18. Rxc1 0-0 19. b4 1/2-1/2

[Event "Wohlen op 1st"]
[Site "Wohlen"]
[Date "2020.08.23"]
[Round "4"]
[White "Haerri, Adrian"]
[Black "Kasipour Azbari, Seyed Arvin"]
[Result "0-1"]
[WhiteElo "1949"]
[BlackElo "1806"]
[PlyCount "34"]
[EventDate "2020.08.21"]
[EventType "swiss"]
[EventRounds "5"]
[EventCountry "SUI"]
[SourceTitle "CBM 198 Extra"]
[Source "ChessBase"]
[SourceDate "2020.11.30"]
[SourceVersion "1"]
[SourceVersionDate "2020.11.30"]
[SourceQuality "1"]

1. d4 Nf6 2. c4 g6 3. Nc3 Bg7 4. Nf3 d6 5. Bg5 0-0 6. e3 c5 7. d5 Qa5 8. Bd3 b5 9. 0-0 bxc4 10. Bxc4 Qb4 11. Qe2 Bg4 12. h3 Bxf3 13. gxf3 Nbd7 14. e4 Ne5 15. Ba6 c4 16. Nd1 Qa4 17. Bb7 Rab8 0-1

[Event "Wohlen op 1st"]
[Site "Wohlen"]
[Date "2020.08.22"]
[Round "2"]
[White "Bussard, Christian"]
[Black "Kasipour Azbari, Seyed Arvin"]
[Result "1/2-1/2"]
[WhiteElo "2274"]
[BlackElo "1806"]
[PlyCount "97"]
[EventDate "2020.08.21"]
[EventType "swiss"]
[EventRounds "5"]
[EventCountry "SUI"]
[SourceTitle "CBM 198 Extra"]
[Source "ChessBase"]
[SourceDate "2020.11.30"]
[SourceVersion "1"]
[SourceVersionDate "2020.11.30"]
[SourceQuality "1"]

1. d4 Nf6 2. c4 g6 3. Nc3 Bg7 4. e4 d6 5. Nf3 0-0 6. Be2 e5 7. 0-0 Nc6 8. dxe5 dxe5 9. Bg5 Qxd1 10. Rfxd1 Bg4 11. Bxf6 Bxf6 12. Nb5 Rfc8 13. Nfd4 Bxe2 14. Nxe2 a6 15. Nbc3 Kh8 16. Rd7 Nb8 17. Rd3 Nc6 18. Nd5 Bg7 19. Rad1 f5 20. Ndc3 Nd4 21. exf5 gxf5 22. Nxd4 exd4 23. Ne2 c5 24. Rb3 b5 25. cxb5 c4 26. Rg3 d3 27. Nc3 axb5 28. Nxb5 Bxb2 29. Nd6 Rc6 30. Nxc4 Rxc4 31. Rgxd3 Rca4 32. Rb1 Rxa2 33. Rd2 Rb8 34. g3 Ra1 35. Rxa1 Bxa1 36. Rd5 Rf8 37. Kg2 Kg7 38. Kf3 Kg6 39. h3 h5 40. Kg2 Bf6 41. Ra5 Rb8 42. Ra6 Rb2 43. Rc6 Kf7 44. Rc7+ Ke6 45. Rc6+ Ke7 46. Rc5 Ke6 47. Rc6+ Kf7 48. Rc7+ Ke6 49. Rc4 1/2-1/2

[Event "Lueneburg op-A"]
[Site "Lueneburg"]
[Date "2019.08.10"]
[Round "8"]
[White "Nixdorf, Andre"]
[Black "Kasipour Azbari, Seyed Arvin"]
[Result "0-1"]
[WhiteElo "1936"]
[BlackElo "1740"]
[PlyCount "112"]
[EventDate "2019.08.03"]
[EventType "swiss"]
[EventRounds "9"]
[EventCountry "GER"]
[SourceTitle "CBM 191 Extra"]
[Source "ChessBase"]
[SourceDate "2019.09.30"]
[SourceVersion "1"]
[SourceVersionDate "2019.09.30"]
[SourceQuality "1"]

1. d4 Nf6 2. Nf3 g6 3. c4 Bg7 4. Nc3 d6 5. e4 0-0 6. Be2 e5 7. d5 a5 8. 0-0 Na6 9. Ne1 Nc5 10. f3 Nfd7 11. Be3 f5 12. Nd3 Nxd3 13. Bxd3 f4 14. Bf2 b6 15. a3 g5 16. b4 axb4 17. axb4 Rxa1 18. Qxa1 Nf6 19. c5 bxc5 20. bxc5 g4 21. Rb1 gxf3 22. gxf3 Nh5 23. Kf1 Qg5 24. Be2 Bh3+ 25. Ke1 Qg2 26. Nd1 Qxh2 27. Qa7 Ng3 28. Rb3 Qh1+ 29. Kd2 Nxe2 30. Kxe2 Bf1+ 31. Kd2 Bc4 32. Ra3 Qf1 33. Qxc7 Be2 34. Nc3 Bxf3 35. Bh4 Qg2+ 36. Kd3 Bxe4+ 37. Kc4 Bxd5+ 38. Nxd5 Qe4+ 39. Kb5 Qxd5 40. Qxd6 Qb7+ 41. Kc4 Qe4+ 42. Kb5 f3 43. Ra4 Qe2+ 44. Kb6 f2 45. Qd5+ Kh8 46. Bxf2 Qxf2 47. Ra8 Rxa8 48. Qxa8+ Qf8 49. Qd5 Qb8+ 50. Ka6 Qc8+ 51. Kb6 Bf6 52. Kb5 Qb8+ 53. Kc4 Qg8 54. Qxg8+ Kxg8 55. Kd5 Kf7 56. c6 Ke7 0-1